[Event "IV Copa Marcel Duchamp 2020"]
[Site "Montevideo"]
[Date "2020.02.13"]
[Round "7.19"]
[White "El Ters, Antouan"]
[Black "Gomez Troccoli, Martin"]
[Result "1-0"]
[WhiteElo "2189"]
[BlackElo "2004"]
[Annotator "TA"]
[PlyCount "135"]
[EventDate "2020.02.08"]
[EventType "swiss"]
[EventCountry "URU"]
[SourceTitle "playchess.com"]
[Source "ChessBase"]
[SourceQuality "1"]

{[%evp 15,135,29,60,0,15,21,47,31,144,152,127,129,201,202,217,99,108,105,104,101,102,101,116,104,107,109,123,124,133,130,127,125,145,125,112,133,132,116,122,115,119,104,128,100,133,81,97,80,85,78,86,69,113,68,93,71,224,213,193,123,114,134,118,135,118,118,121,38,66,61,70,4,145,160,324,118,332,322,353,344,573,519,493,317,380,378,415,300,299,292,285,242,411,404,373,364,433,418,577,570,453,50,50,70,50,81,54,52,58,79,386,235,29974,29975,29978,29980,29989,29990,29992,29993,29993,29994]} 1. Nf3 Nf6 2. c4 g6 3. g3 Bg7 4. Bg2 d6 5. Nc3 e5 6. d4 exd4 7. Nxd4 O-O 8. O-O Nbd7 9. a4 {[#] A24: English Opening vs King's Indian: Lines without ...Nc6.} ({White should try} 9. e4 $14) 9... Ne5 $146 ({Predecessor:} 9... Nb6 10. Qd3 a5 11. Ndb5 Be6 12. b3 d5 13. c5 Nc8 14. Bf4 Ne8 15. Rad1 c6 {0-1 (51) Arun,R (1450)-Mohit,K (1599) New Delhi 2018}) 10. b3 c6 11. Ba3 {White is slightly better.} Qc7 {[#]} (11... h5 $14) 12. Ndb5 $1 $16 {[%cal Rb5c7][%mdl 512]} cxb5 13. Bxd6 {[%mdl 64] Double Attack} Qd7 (13... Qa5 $16 {was necessary.}) 14. Bxe5 $18 Qe6 15. Bxf6 (15. Qd4 $18 {and White stays clearly on top.} Re8 16. f4) 15... Qxf6 $16 16. Rc1 bxc4 17. Nd5 Qd8 18. bxc4 Rb8 19. Qb3 Bd7 20. Qb4 Re8 21. e3 Bc6 22. Rfd1 Bf8 23. Qb3 Bg7 24. Qa3 Bf8 25. Qa2 Bg7 26. a5 {[%cal Ba4a5,Ba5a6][%mdl 32]} Qd6 27. a6 Qc5 28. Rb1 b6 29. Qb3 Rec8 30. Qb4 (30. Nf4 $142) 30... Qxb4 31. Rxb4 {aiming for Ne7+.} Bf8 32. Rbb1 Kg7 33. h4 Bc5 34. h5 Bd7 35. Nxb6 Bxb6 $2 (35... Bf5 $16 {was worth a try.}) 36. Rxd7 $18 {Hoping for Bd5.} Rxc4 37. Bd5 ({White should play} 37. Rb7 $18 Rbc8 38. hxg6) 37... Rc7 $16 38. Rxb6 Rc1+ 39. Kg2 Rxb6 40. Rxf7+ {[%mdl 4096] Endgame KRR-KRB} Kh6 41. hxg6 (41. Rxa7 $16 Rd6 42. Bb7) 41... hxg6 $14 42. Rxa7 {And now Ra8 would win.} Ra1 43. Bb7 (43. Bc4 $14) 43... Rb2 (43... Ra2 $1 $11 {keeps the balance.}) 44. Ra8 $16 Raa2 $2 {[#]} (44... Rc2 $16 45. Be4 Rd2) 45. Rf8 $2 (45. Bd5 $1 $18 {[%cal Rd5a2] and the rest is easy.} Ra1 46. a7) 45... Kg5 $2 (45... Kg7 $16 46. Rf3 Ra5) 46. Rf7 $18 Ra1 47. Kh3 Ra3 $2 (47... Kh6 48. f4 Ra3) 48. g4 {White wants to mate with f4+.} Kh6 49. Kg3 Rb4 50. f3 Ra1 51. f4 {Threatening mate with g5+.} g5 52. Rf6+ Kg7 53. fxg5 Rba4 $2 (53... Rb5 {keeps fighting.} 54. Rd6 Rxg5) 54. e4 Ra5 {[#]} 55. Rf5 $1 R5a3+ 56. Kf4 Kg6 57. Rf6+ Kg7 58. e5 $2 (58. Rd6 $18) 58... Rf1+ $14 59. Ke4 Re1+ 60. Kf5 {Strongly threatening g6.} Ra5 61. Re6 {g6 is the strong threat.} Rf1+ 62. Ke4 {Black must now prevent g6.} Rfa1 $2 {[%mdl 8192]} (62... Re1+ $16 {is more resistant.} 63. Kf3 Kf7 64. Rf6+ Kg7) 63. g6 R1a4+ $2 (63... Rf1 $18 64. Rb6 Re1+ 65. Kf4 Rf1+ 66. Kg3 Re1) 64. Kf5 {White mates.} Kf8 65. Kg5 Ra1 66. Kh6 R5a3 67. g7+ Kf7 68. Rf6+ {Accuracy: White = 61%, Black = 46%.} 1-0

[Event "IV Copa Marcel Duchamp 2020"]
[Site "Montevideo"]
[Date "2020.02.13"]
[Round "7.20"]
[White "Rodriguez Farias, Eduardo"]
[Black "Trois, Francisco R.T."]
[Result "1-0"]
[WhiteElo "1963"]
[BlackElo "2141"]
[Annotator "TA"]
[PlyCount "61"]
[EventDate "2020.02.08"]
[EventType "swiss"]
[EventCountry "URU"]
[SourceTitle "playchess.com"]
[Source "ChessBase"]
[SourceQuality "1"]

{[%evp 20,61,0,0,27,-22,73,58,75,72,74,28,186,76,75,79,79,82,70,64,83,0,36,38,37,24,140,19,100,0,283,268,360,268,348,317,307,285,464,444,646,585,835,506]} 1. e4 c5 2. c3 Nf6 3. e5 Nd5 4. d4 cxd4 5. Nf3 Nc6 6. cxd4 e6 7. Bc4 d6 8. O-O Be7 9. Qe2 O-O 10. Nc3 {The old main line.} Nxc3 11. bxc3 Qc7 {B22: Sicilian: 2 c3.} 12. Bd3 {[#]} Bd7 $146 (12... dxe5 $1 $11 13. dxe5 b6) ({Predecessor:} 12... dxe5 13. dxe5 b6 14. Qe4 g6 15. Bh6 Rd8 16. Rad1 Bb7 17. Qf4 Rd7 18. Be4 Rad8 19. Rxd7 Rxd7 20. h4 f5 21. Bxf5 exf5 22. Qc4+ Kh8 23. Qf7 {1-0 (23) Hoellrigl,W (2217)-Ballon,G (2091) Bregenz 2019}) 13. Qe4 $16 {[%csl Gd3][%cal Re4h7] [#]} g6 {White is slightly better.} 14. Bh6 Rfe8 15. h4 Na5 $2 {[#]} (15... dxe5 $11 16. dxe5 Nb8) 16. h5 (16. Qf4 $1 $18) 16... Bc6 17. Qg4 {[%cal Rh5g6]} Bxf3 18. gxf3 {[%cal Rh5g6]} ({Much worse is} 18. Qxf3 dxe5 19. Qg3 Bf8 $11) 18... Bf8 19. exd6 $40 {[%mdl 128] White is up to no good.} Qxd6 20. Bxf8 (20. Bd2 {is more complex.} Rac8 21. hxg6 fxg6 22. Kg2 Nc4 23. Bf4) 20... Qxf8 21. hxg6 hxg6 22. Kg2 Nc6 (22... Rac8 $11 {keeps the balance.}) 23. Rab1 (23. Rh1 $16) 23... b6 (23... Qe7 $11) 24. Bb5 ({White should try} 24. Rh1 $16) 24... Rac8 $2 {[%mdl 8192]} (24... Qd6 $1 $11) 25. Rh1 $18 Red8 26. Ba6 Rb8 27. Rh3 Qg7 28. Rbh1 Rd5 $2 (28... Qf6 29. Qg3 Kf8) 29. Qf4 {White is clearly winning.} Ra5 (29... Rh5 $142 30. Qc7 Rxh3 31. Rxh3 Qf6 32. Qxc6 Kg7) 30. Bc4 Rf8 31. Qd6 {Accuracy: White = 53%, Black = 30%.} 1-0

[Event "IV Copa Marcel Duchamp 2020"]
[Site "Montevideo"]
[Date "2020.02.13"]
[Round "7.21"]
[White "Aguilar Samper, Valentin"]
[Black "Dominguez, Facundo"]
[Result "0-1"]
[WhiteElo "1946"]
[BlackElo "2135"]
[Annotator "TA"]
[PlyCount "66"]
[EventDate "2020.02.08"]
[EventType "swiss"]
[EventCountry "URU"]
[SourceTitle "playchess.com"]
[Source "ChessBase"]
[SourceQuality "1"]

{[%evp 16,66,22,13,25,8,16,0,0,-7,21,0,0,0,0,0,0,-50,-31,-43,0,0,0,0,0,-12,-11,-12,0,-38,-15,-32,-18,-18,-4,-11,0,-20,-10,-43,-27,-218,-167,-6080,-6056,-2248,-2308,-1953,-1917,-29994,-902,-29996,-29997]} 1. c4 e5 2. g3 Nf6 3. Bg2 d5 4. cxd5 Nxd5 5. Nc3 Nb6 6. Nf3 Nc6 7. O-O Be7 8. Rb1 a5 9. d3 O-O {A29: English Opening: Four Knights Variation with 4 g3.} 10. Be3 Be6 11. Bxb6 cxb6 {The position is equal.} 12. Qa4 {[#]} Qd6 $146 ({Predecessor:} 12... f5 13. Rfd1 Bf6 14. a3 Kh8 15. e3 Bf7 16. Rbc1 Be8 17. Qb3 Bf7 18. Qc2 Bh5 {0-1 (43) Bosiocic,M (2591)-Karjakin,S (2785) Doha 2016}) 13. a3 Rfd8 14. Nb5 Qd7 15. Rbc1 Rac8 16. Qd1 f6 17. Nd2 Nd4 18. Nxd4 Qxd4 19. Rxc8 Rxc8 20. Qb1 Qd7 21. Rc1 b5 22. Rc2 a4 23. Qc1 Rxc2 24. Qxc2 Qc8 25. Qd1 Bd7 26. Bd5+ Kf8 27. e4 g6 28. f4 $2 (28. h4 $11 {and White stays safe.}) 28... Bh3 {[#] Hoping for ...Qc5+.} 29. fxe5 $2 (29. Nf3 exf4 30. Kf2) 29... Qc5+ $19 30. Kh1 Qf2 {[%csl Gf2][%cal Rh3g2]} 31. Qg1 Qxd2 {[%mdl 64] Double Attack} 32. exf6 Bxf6 (32... Qxd3 $142 33. fxe7+ Kg7 34. Qd4+ Qxd4 35. e8=N+ Kh8 36. Bc4 Qxe4+ {[%mdl 64] Double Attack} 37. Kg1 Qg2#) 33. g4 {[#]} Bd4 $1 {[%mdl 512] Accuracy: White = 52%, Black = 78%.} 0-1

[Event "IV Copa Marcel Duchamp 2020"]
[Site "Montevideo"]
[Date "2020.02.13"]
[Round "7.22"]
[White "Avedisian, Alexander"]
[Black "Carbone, Diego"]
[Result "0-1"]
[WhiteElo "1892"]
[BlackElo "2239"]
[Annotator "TA"]
[PlyCount "82"]
[EventDate "2020.02.08"]
[EventType "swiss"]
[EventCountry "URU"]
[SourceTitle "playchess.com"]
[Source "ChessBase"]
[SourceQuality "1"]

{[%evp 11,82,4,11,-8,-12,-12,-14,-17,-14,-23,-16,-14,-7,-20,-26,-20,-15,-47,-54,-60,-62,-63,-60,-108,-114,-118,-54,-113,-1,-1,0,-145,-145,-379,-379,-371,-369,-362,-378,-371,-367,-334,-258,-296,-272,-256,-276,-527,-487,-442,-378,-343,-356,-354,-347,-321,-318,-318,-317,-317,-291,-302,-250,-379,-247,-460,-469,-421,-450,-432,-258,-674,-553]} 1. g3 g6 2. Bg2 Bg7 3. c4 d6 4. Nc3 c5 5. Nf3 Nc6 6. O-O e6 $1 {[%mdl 4] 6...e6 is the recent fashion} 7. d3 {A37: Symmetrical English vs ...g6: 4 Bg2 Bg7 5 Nf3.} Nge7 8. Bg5 h6 9. Bf4 {The position is equal.} e5 10. Bd2 Be6 11. Ne1 O-O 12. Nc2 d5 13. cxd5 Nxd5 {[#]} 14. Nxd5 $146 ({Predecessor:} 14. Ne3 Nde7 15. a3 Qd7 16. Rb1 Rac8 17. Qa4 Rfd8 18. Rfc1 b6 19. Nc4 Nd4 20. Qxd7 Rxd7 {1-0 (43) Stark,L (2401)-Schmider,N (2150) Neustadt an der Weinstrasse 2017}) 14... Bxd5 15. Bxd5 Qxd5 16. Ne3 Qe6 17. a4 f5 18. Nc4 f4 ({Black should play} 18... e4 $17 19. Rc1 Rad8 20. dxe4 fxe4) 19. Kg2 (19. Bc3 $15) 19... f3+ (19... fxg3 $17 20. hxg3 e4) 20. exf3 $11 Nd4 21. f4 (21. Be3 $11 {remains equal.}) 21... exf4 $17 22. Bxf4 $2 (22. f3 $17) 22... g5 $19 23. Be3 Qd5+ 24. f3 {[#]} Nxf3 $1 {[%mdl 512]} 25. Rxf3 {And now g4 would win.} g4 {[%mdl 64] Pin} 26. Bf4 Rad8 (26... gxf3+ $2 27. Qxf3 Rad8 28. Rd1 $19) 27. Ra3 b6 28. h3 h5 29. Rb3 $2 (29. hxg4 hxg4 {[%mdl 64] Pin} 30. Kf2 gxf3 31. Qxf3) 29... Rfe8 (29... Qxf3+ $2 30. Qxf3 gxf3+ 31. Kxf3 $19) 30. Nd2 ({Much worse is} 30. hxg4 hxg4 31. Kf2 gxf3) 30... gxf3+ 31. Qxf3 Re2+ 32. Kf1 Qxf3+ 33. Nxf3 Rxb2 34. Rxb2 Bxb2 {[%mdl 4096] Endgame KRB-KBN} 35. Ke2 Bc3 36. Ng5 Ba5 37. Ne4 (37. Be3 {was worth a try.}) 37... Kf7 38. g4 $2 (38. Be5) 38... hxg4 39. hxg4 Rd4 40. Bb8 Kg6 (40... Ke6 $142 41. Ke3 Rxa4 42. Bxa7 Ra3) 41. Bxa7 $2 (41. Nd6) 41... Rd8 {Accuracy: White = 46%, Black = 59%.} 0-1

[Event "IV Copa Marcel Duchamp 2020"]
[Site "Montevideo"]
[Date "2020.02.13"]
[Round "7.23"]
[White "Barandiaran, Gabriel"]
[Black "Curi, Gabriel"]
[Result "1/2-1/2"]
[WhiteElo "1834"]
[BlackElo "2132"]
[Annotator "TA"]
[PlyCount "95"]
[EventDate "2020.02.08"]
[EventType "swiss"]
[EventCountry "URU"]
[SourceTitle "playchess.com"]
[Source "ChessBase"]
[SourceQuality "1"]

{[%evp 17,95,0,5,0,-17,-24,-16,-39,-8,-13,-18,-41,-22,-63,-60,-99,-91,-117,-131,-118,-116,-138,-123,-118,0,-67,-33,-91,-91,-106,-91,-106,-42,-25,0,-12,0,0,-70,0,0,0,0,0,40,0,0,-101,0,0,0,0,72,79,72,17,70,72,239,227,231,212,206,16,91,112,120,17,21,25,26,26,33,0,0,0,0,0,0,0]} 1. e4 c5 2. Nf3 d6 3. d4 cxd4 4. Nxd4 Nf6 5. Nc3 g6 6. Be2 Nc6 7. Be3 Bg7 8. Qd2 O-O 9. f3 d5 10. exd5 {B76: Sicilian Dragon: Yugoslav Attack, 9 g4 and 9 0-0-0.} Nxd5 11. Nxc6 bxc6 12. Bd4 e5 13. Bc5 Re8 14. Rd1 {[%cal Rc3d5]} Be6 15. Nxd5 cxd5 16. Bb5 Qc7 17. Bxe8 Qxc5 18. Ba4 {[#]} e4 $146 ({Predecessor:} 18... Rb8 19. Bb3 Rd8 20. Qf2 Qb4+ 21. c3 Qb5 22. Qxa7 Bf8 23. Qe3 Bc5 24. Qe2 Qc6 {1-0 (54) Claros Egea,C (2121)-Montenegro Garcia,M (2021) Malaga 2005}) 19. c3 exf3 20. gxf3 Bf6 (20... Bh3 $1 $17 {Hoping for ...Qe7+.} 21. Qf4 d4 $1 {[%mdl 512]} 22. Rxd4 Bxd4 23. Qxd4 Qg5) 21. Qf4 (21. Qf2 $1 $11 Qa5 22. Bb3) 21... Kg7 {[%mdl 1024] Black has compensation.} (21... g5 $5 {[%cal Rg5f4]} 22. Qd2 (22. Qxf6 $2 Qe3+ 23. Kf1 Bh3#) 22... Rb8 $11) 22. Rd3 (22. Rd2 $15) 22... Rd8 $17 23. h4 {Threatening h5.} h5 24. Bb3 Bf5 {[#]} (24... a5 $1 $17) 25. Rd4 $1 $15 {[%mdl 512]} Re8+ (25... Bxd4 26. Qxd4+) 26. Kd2 Qe7 (26... Be5 $5 27. Qe3 $8 Bxd4 28. Qxd4+ (28. Qxe8 Bf6 $11) 28... Qxd4+ 29. cxd4 Kf6 $11) 27. Rxd5 Qe2+ 28. Kc1 Be5 29. Rxe5 $1 ({Avoid the trap} 29. Qd2 $2 Qxf3 30. Re1 Bf4 $1 $19 {[%mdl 512]}) 29... Rxe5 30. Rd1 Re7 31. Qd4+ Kh7 32. Qf4 {[#]} (32. Qf6 $11) 32... a5 ({Better is} 32... Qf2 $1 $17 33. Qc4 Qxf3) 33. Rd2 $36 {[%mdl 2048] White fights for an advantage.} Qf1+ 34. Bd1 $1 Qb5 (34... Re1 $11 {remains equal.}) 35. Rd8 $16 Rb7 {[%csl Gb7][%cal Rb5b2]} 36. Bb3 (36. b3 $16 Qc5 37. Kb2) 36... Re7 (36... Qf1+ $1 $11 37. Bd1 Qf2) 37. Qd4 {[%csl Gd4][%cal Rd8h8]} Re1+ $2 (37... Re8 $16) 38. Bd1 $18 {[%csl Gd4][%cal Rd8h8]} Qe5 39. Qxe5 Rxe5 {[%mdl 4096] Endgame KRB-KRB} 40. Bb3 $2 (40. Rd4 $18) 40... g5 (40... Re3 $11) 41. hxg5 $16 h4 {[#]} 42. Rd5 ({White should play} 42. Rd6 $1 $16) 42... Re1+ $1 $11 43. Kd2 h3 $1 {[%cal Rh3h2] aiming for ...h2.} 44. Rxf5 h2 45. Rxf7+ (45. Rf6 $5 {[%cal Rf6h6]} h1=Q 46. Rh6+ Qxh6 47. Bc2+ (47. gxh6 Re7 $16) 47... Kh8 48. gxh6 $16) 45... Kg6 {The position is equal.} 46. Kxe1 {Black must now prevent Rf6+.} h1=Q+ 47. Kd2 Qh2+ 48. Kd3 {Accuracy: White = 67%, Black = 62%.} 1/2-1/2

[Event "IV Copa Marcel Duchamp 2020"]
[Site "Montevideo"]
[Date "2020.02.13"]
[Round "7.24"]
[White "De Haro, Martim Afonso Palma"]
[Black "Suarez, Pedro"]
[Result "1/2-1/2"]
[WhiteElo "1788"]
[BlackElo "2063"]
[Annotator "TA"]
[PlyCount "74"]
[EventDate "2020.02.08"]
[EventType "swiss"]
[EventCountry "URU"]
[SourceTitle "playchess.com"]
[Source "ChessBase"]
[SourceQuality "1"]

{[%evp 16,74,21,22,78,23,17,16,31,16,38,10,34,33,32,26,22,0,32,28,28,0,0,0,0,0,0,0,0,0,0,0,45,22,34,-18,-8,-5,-14,-20,0,-14,0,-10,0,0,0,0,4,0,0,0,2,-13,64,0,0,-38,0,0,0]} 1. Nf3 Nf6 2. c4 b6 3. g3 Bb7 4. Bg2 g6 5. b3 Bg7 6. Bb2 O-O 7. O-O d6 8. d4 c5 9. Nc3 {[#]} Qc8 $146 {A30: Symmetrical English: Double Fianchetto and Hedgehog.} (9... e6 $11 {remains equal.}) ({Predecessor:} 9... cxd4 10. Nxd4 Bxg2 11. Kxg2 Qd7 12. Qd3 Nc6 13. Rac1 Rac8 14. Rfd1 Rfd8 15. f3 a6 16. Nxc6 Rxc6 17. a4 Rcc8 18. e4 h5 19. Qe2 {0-1 (64) Vitiugov,N (2747)-Predke,A (2676) Moscow 2019}) 10. Qc2 (10. d5 $16) 10... cxd4 $11 11. Nxd4 Bxg2 12. Kxg2 Qb7+ 13. Kg1 (13. e4 {seems wilder.} a6 14. f3 Nbd7 15. a4 Rac8 16. Rad1) 13... Nc6 (13... a6 {is interesting.} 14. Rfd1 Rc8 15. a4 Nbd7 16. e4 e6) 14. Nxc6 Qxc6 15. Rad1 Rac8 16. e4 Qb7 17. Nd5 Nxd5 18. exd5 Bxb2 19. Qxb2 b5 20. cxb5 Qxb5 21. Rfe1 Rc7 22. Qd2 Rfc8 23. Re4 Qe8 24. Qh6 {Strongly threatening Rh4.} Qf8 25. Qxf8+ ({Better is} 25. Qe3 $14) 25... Kxf8 $14 {[%mdl 4096] Endgame KRR-KRR} 26. Ra4 Rb7 27. Kg2 Rc2 28. Kf3 Ke8 29. Ke3 Kd7 30. h4 h5 31. Rdd4 Rc3+ 32. Rd3 Rc2 33. f3 Rg2 34. Kf4 Re2 ({Black should play} 34... f6 $11) 35. Re3 ({White should try} 35. Kg5 $1 $14) 35... Rd2 $11 36. Ke4 Rg2 37. Kf4 Rd2 {Accuracy: White = 80%, Black = 75%.} 1/2-1/2

[Event "IV Copa Marcel Duchamp 2020"]
[Site "Montevideo"]
[Date "2020.02.13"]
[Round "7.25"]
[White "Moreno, Nelson"]
[Black "Escofet, Jaime"]
[Result "1/2-1/2"]
[WhiteElo "1656"]
[BlackElo "2025"]
[Annotator "TA"]
[PlyCount "54"]
[EventDate "2020.02.08"]
[EventType "swiss"]
[EventCountry "URU"]
[SourceTitle "playchess.com"]
[Source "ChessBase"]
[SourceQuality "1"]

{[%evp 9,54,24,27,9,17,14,30,30,35,30,25,36,50,29,37,27,28,38,49,53,41,7,17,5,22,16,37,43,39,27,41,54,55,41,59,60,44,40,31,52,37,43,57,57,97,27,103]} 1. Nf3 e6 2. c4 c6 3. b3 d5 4. Bb2 Nf6 5. e3 Be7 6. Be2 {A06: Réti Opening: 1 Nf3 d5.} O-O 7. O-O a5 8. Nc3 Nbd7 9. Qc2 Re8 {[#]} 10. d4 $146 ({Predecessor:} 10. Rfd1 Bf8 11. d4 g6 12. Rac1 Bh6 13. Ne5 Nxe5 14. dxe5 Nd7 15. f4 Qb6 16. Rd4 Bxf4 17. Rxf4 Qxe3+ {1-0 (28) Mueller,H-Diez,G Germany 1996}) 10... Bd6 11. e4 (11. Bd3 {looks sharper.} h6 12. Rae1 dxc4 13. bxc4 b6 14. Nd2) 11... dxe4 12. Nxe4 Nxe4 13. Qxe4 a4 14. bxa4 Rxa4 15. Qd3 Be7 16. Bd1 Ra8 17. Bc2 Nf8 18. a4 b6 19. Ne5 Bb7 20. Qf3 Bf6 21. Be4 Bxe5 22. dxe5 Qc7 23. Rfd1 Red8 24. Rxd8 Rxd8 25. Bc3 Ra8 26. h4 Ra7 {[#]} 27. h5 (27. c5 $1 $16) 27... h6 {Accuracy: White = 85%, Black = 88%.} (27... c5 $11 {keeps the balance.}) 1/2-1/2

[Event "IV Copa Marcel Duchamp 2020"]
[Site "Montevideo"]
[Date "2020.02.13"]
[Round "7.26"]
[White "Soto, Nicolas"]
[Black "Silva Rosas, Natalia"]
[Result "1-0"]
[WhiteElo "2002"]
[BlackElo "1787"]
[Annotator "TA"]
[PlyCount "49"]
[EventDate "2020.02.08"]
[EventType "swiss"]
[EventCountry "URU"]
[SourceTitle "playchess.com"]
[Source "ChessBase"]
[SourceQuality "1"]

{[%evp 14,49,64,32,43,40,40,0,54,43,102,47,56,49,126,60,210,193,194,140,143,134,686,552,774,775,848,830,846,839,836,839,938,825,889,858,943,933]} 1. e4 c5 2. Nf3 e6 3. d4 cxd4 4. Nxd4 a6 5. Bd3 Bc5 6. Nb3 Ba7 7. O-O Nc6 8. Qe2 (8. Qg4 $5 {[%cal Rg4g7]}) 8... Qc7 {B42: Sicilian: Kan Variation: 5 Bd3.} 9. c4 Nf6 10. Kh1 {[#]} Bb8 $146 (10... Nb4 $11) ({Predecessor:} 10... Nb4 11. f4 Nxd3 12. Qxd3 b5 13. cxb5 axb5 14. Nc3 Qc4 15. Qxc4 bxc4 16. Nd2 d5 {1-0 (32) Crouan,S (2178)-Secher,D (1615) Nantes 2015}) 11. f4 $14 Nb4 (11... d6 $14) 12. Nc3 (12. e5 $16 Nxd3 13. Qxd3) 12... Nxd3 13. Qxd3 d6 {[#]} (13... b5 $14) 14. Be3 (14. Qg3 $1 $16 {[%cal Rg3g7]} O-O 15. Be3) 14... Ba7 (14... O-O $14) 15. Bxa7 Rxa7 16. Rad1 ({Better is} 16. e5 $18 dxe5 17. fxe5) 16... O-O $16 17. Qxd6 Qxc4 $2 {[%mdl 8192]} (17... b6 $16 18. e5 Qxd6 19. Rxd6 Ng4) 18. Qb6 {White is clearly winning.} Ra8 19. Na5 $1 {[%csl LRb7,LRc4][%mdl 64] [#] Double Attack} Nd7 20. Nxc4 Nxb6 21. Nxb6 Rb8 22. e5 f5 23. exf6 gxf6 24. Ne4 e5 25. f5 {Accuracy: White = 47%, Black = 34%.} 1-0

[Event "IV Copa Marcel Duchamp 2020"]
[Site "Montevideo"]
[Date "2020.02.13"]
[Round "7.27"]
[White "Manteiga, Franco"]
[Black "Montanu, Dan-Vladimir"]
[Result "1/2-1/2"]
[WhiteElo "1703"]
[BlackElo "1983"]
[Annotator "TA"]
[PlyCount "160"]
[EventDate "2020.02.08"]
[EventType "swiss"]
[EventCountry "URU"]
[SourceTitle "playchess.com"]
[Source "ChessBase"]
[SourceQuality "1"]

{[%evp 14,160,31,10,34,25,21,0,8,5,68,60,72,25,83,51,107,106,104,77,168,152,610,235,209,116,114,106,112,108,106,106,106,106,110,95,81,84,114,81,133,133,151,147,154,142,153,135,165,136,138,147,233,233,229,110,120,94,94,94,94,94,94,93,94,63,94,63,94,94,94,94,94,94,94,94,94,0,0,0,0,0,0,0,0,0,0,0,0,0,0,0,0,0,0,-29945,-29940,-29942,-29937,-29971,-29971,-29971,-29972,-29971,-29973,-29976,-29975,-29975,-29976,-29976,-29977,-29978,-29975,-29973,-8,-8,-8,-8,-8,-8,-8,-8,-8,-8,-8,-8,-8,-8,-8,-8,-8,-8,-8,-8,-8,-8,-8,-8,-8,-8,-8,-8,-8,-8,-8,-8,-8,-8,-8]} 1. d4 f5 2. c4 Nf6 3. g3 g6 4. Bg2 Bg7 5. Nf3 d6 6. O-O O-O 7. Nc3 c6 8. Qc2 {8.b3 is becoming the main line.} a5 {A88: Dutch Defence: Leningrad System: 5 Nf3 0-0 6 0-0 d6 7 Nc3 c6.} 9. b3 Na6 10. a3 Qe8 11. Bb2 h6 (11... e5 $11) 12. Rad1 {[#]} Nc7 $146 ({Predecessor:} 12... g5 13. Na4 Nd7 14. d5 cxd5 15. Bxg7 Kxg7 16. cxd5 b5 17. Nb2 b4 18. Nd4 Ndc5 {1-0 (38) Shimanov,A (2549)-Cori Tello,D (2415) Moscow 2012}) 13. d5 c5 (13... Bd7 $11) 14. Rde1 e5 ({Black should play} 14... b5 $14) 15. dxe6 $16 Bxe6 16. e4 (16. Nh4 {seems wilder.} Qf7 17. e4 fxe4 18. Nxe4 Nxe4 19. Bxe4 Bxb2 20. Qxb2 Qf6 21. Qd2) 16... fxe4 (16... Nxe4 $16 17. Nxe4 fxe4) 17. Nxe4 $18 Bf5 $2 (17... Nxe4 $16 18. Bxg7 (18. Rxe4 Bf5 $11) 18... Kxg7) 18. Nxf6+ $2 (18. Bxf6 Qf7 19. Bxg7 Qxg7 20. Nh4) 18... Bxf6 19. Rxe8 (19. Qd2 $18 Qd7 20. Bxf6 Rxf6 21. Qxh6) 19... Bxc2 $16 20. Rxa8 Nxa8 21. Bxf6 Rxf6 22. Nd2 Nb6 23. Rc1 Bd3 24. Rc3 Bf5 25. Bxb7 Kf8 26. Be4 Bg4 (26... Bxe4 $142 27. Nxe4 Re6) 27. f3 $36 {[%mdl 2048] White is in control.} Bc8 28. Kf2 Ke7 29. Re3 Kd8 30. a4 Nd7 31. Kg2 g5 32. Bd5 {And now Ne4 would win.} Ne5 (32... Rf8 $16 33. Ne4 Kc7) 33. Ne4 $18 Rg6 34. Nf2 (34. Nxd6 $18 {is more deadly.} Rxd6 35. Rxe5) 34... Rg7 35. Nd3 Re7 36. Nxe5 Rxe5 37. Rxe5 dxe5 $16 {[%mdl 4096] Endgame KB-KB} 38. Be4 Ke7 39. Kf2 Kf7 40. Ke3 Kf6 41. g4 Ke7 42. Bd5 Kd6 43. Ke4 Bd7 44. Bb7 Kc7 {[#]} 45. Ba6 (45. Ba8 $1 $16 Kd6 46. Bd5) 45... Bc6+ $11 46. Kxe5 {Strongly threatening f4.} Bxf3 47. Kf5 {Kg6 is the strong threat.} Kd6 48. Bb5 Bd1 49. Kg6 Ke5 50. Kxh6 Kf4 51. h3 Bf3 52. Kh5 Bd1 53. Bd7 Bxb3 54. h4 $2 {[%mdl 8192] [#]} (54. Bb5 $11) 54... gxh4 55. Kxh4 Bxc4 56. g5 Bf7 57. Bb5 c4 58. g6 Bg8 59. g7 Ke3 60. Bxc4 Bxc4 {KB-KPP} 61. Kg3 Kd3 62. Kf3 Bg8 63. Kf2 Kc4 $2 (63... Kd2 {mates} 64. Kf3 Bd5+ 65. Kf4 Kc3 66. Kg4 Kb3 67. Kh5 Kxa4 68. Kg5 Kb4 69. Kh6 a4 70. Kh7 a3 71. g8=Q Bxg8+ 72. Kxg8 a2 73. Kf7 a1=Q 74. Ke6 Qa5 75. Kf6 Qh5 76. Ke7 Kc5 77. Ke6 Kc6 78. Kf6 Kd6 79. Kg7 Ke6 80. Kg8 Kf6 81. Kf8 Qh8#) 64. Ke2 {The position is equal.} Kb4 65. Kd2 Kxa4 {KB-KP} 66. Kc1 Ka3 {( -> ...Ka2)} 67. Kb1 Ba2+ 68. Ka1 a4 69. g8=Q Bxg8 70. Kb1 Kb3 71. Ka1 Kc3 72. Kb1 Be6 (72... a3 {looks sharper.} 73. Ka1 Bd5 74. Kb1 Be4+ 75. Ka1 Kd2) 73. Ka1 Bd7 74. Kb1 Kd2 75. Kb2 Bf5 76. Ka1 $1 Kc1 77. Ka2 Bg4 78. Ka1 Bd1 79. Ka2 Kc2 80. Ka1 Kc3 {Accuracy: White = 70%, Black = 66%.} 1/2-1/2